00418nam a2200133 a 4500008004100000020001800041050001800059110001500077245007600092260003900168300002000207350000900227650004800236081202s2007 ||||||||||||||||| || u a9780821374054 aIBRD(058)WBRP aWorld Bank14aThe World Bank research program 2005-2007: abstracts of current studies aWashington, D.C.bWorld Bankc2007 aiii, 277p.: ill a0.00 aECONOMIC DEVELOPMENT--WORLD BANK--ABSTRACTS